000 00661nam a2200205Ia 4500
003 IN-BaIIA
008 211028s9999 xx 000 0 eng d
020 _a0-8243-0916-2
040 _cIIA Library
080 _a047.1:52
_bARA-16
245 0 _aAnnual Reviews of Astronomy and Astrophysics
_bvol. 16
_cedited by Geoffrey Burbidge..[et al.]
260 _aPalo Alto
_bAnnual Reviews
_c1978
300 _a652p.
650 _aAnnual Reviews-Astronomy and Astrophysics
_98535
650 _aAstronomy and Astrophysics Thesaurus
700 _aBurbidge, Geoffrey., ed.
700 _aLayzer, David., ed.
_94091
700 _aPhillips, John G., ed.
_95230
942 _cBK
999 _c6151
_d6151